[Event "DVM U12w 2024"]
[Site "Bad Homburg GER"]
[Date "2024.12.30"]
[Round "7"]
[White "Suryaprakash, Smrithi"]
[Black "Winkler, Frida"]
[Result "1-0"]
[Termination "normal"]
[Board "2.1"]
[WhiteElo "1527"]
[BlackElo "1556"]
[WhiteClock "00:05:39"]
[BlackClock "00:33:14"]
[WhiteTeam "SF München"]
[BlackTeam "SK König Plauen"]
[PlyCount "89"]
[WhiteFideId "34637826"]
[BlackFideId "34622322"]
[EventCountry "GER"]
[EventRounds "7"]
[EventType "team-swiss"]
[EventDate "2024.12.26"]

1. e4 {[%clk 01:30:50]} {[%emt 00:00:10]} c5 {[%clk 01:30:51]} {[%emt
00:00:10]} 2. Nf3 {[%clk 01:31:11]} {[%emt 00:00:09]} d6 {[%clk 01:31:10]}
{[%emt 00:00:10]} 3. d4 {[%clk 01:31:32]} {[%emt 00:00:08]} cxd4 {[%clk
01:31:28]} {[%emt 00:00:13]} 4. Nxd4 {[%clk 01:31:57]} {[%emt 00:00:05]} Nf6
{[%clk 01:30:54]} {[%emt 00:01:03]} 5. Nc3 {[%clk 01:32:22]} {[%emt 00:00:05]}
a6 {[%clk 01:31:12]} {[%emt 00:00:12]} 6. Bg5 {[%clk 01:32:44]} {[%emt
00:00:08]} e6 {[%clk 01:30:24]} {[%emt 00:01:18]} 7. f4 {[%clk 01:32:59]}
{[%emt 00:00:16]} Qb6 {[%clk 01:30:43]} {[%emt 00:00:10]} 8. Nb3 {[%clk
01:29:46]} {[%emt 00:03:43]} Be7 {[%emt 00:00:22]} 9. Qd2 {[%clk 01:28:02]}
{[%emt 00:02:14]} Nbd7 {[%clk 01:22:30]} {[%emt 00:08:51]} 10. O-O-O {[%clk
01:27:40]} {[%emt 00:00:53]} Qc7 {[%clk 01:21:51]} {[%emt 00:01:07]} 11. Kb1
{[%clk 01:25:08]} {[%emt 00:03:04]} h6 {[%clk 01:17:22]} {[%emt 00:05:00]} 12.
Bxf6 {[%clk 01:25:21]} {[%emt 00:00:16]} Nxf6 {[%clk 01:17:35]} {[%emt
00:00:17]} 13. g4 {[%clk 01:21:27]} {[%emt 00:04:24]} b5 {[%clk 01:13:47]}
{[%emt 00:04:18]} 14. Bd3 {[%clk 01:05:54]} {[%emt 00:16:04]} Bb7 {[%clk
01:12:20]} {[%emt 00:01:55]} 15. g5 {[%clk 01:02:26]} {[%emt 00:04:00]} hxg5
{[%clk 01:12:29]} {[%emt 00:00:21]} 16. fxg5 {[%clk 01:02:48]} {[%emt
00:00:07]} Ng4 {[%clk 01:12:24]} {[%emt 00:00:35]} 17. Qf4 {[%clk 01:00:49]}
{[%emt 00:02:30]} Ne5 {[%clk 01:11:18]} {[%emt 00:01:35]} 18. Rhf1 {[%clk
01:00:17]} {[%emt 00:01:03]} Rh5 {[%clk 01:07:23]} {[%emt 00:04:23]} 19. Be2
{[%clk 00:56:41]} {[%emt 00:04:08]} Rxg5 {[%clk 01:05:17]} {[%emt 00:02:36]}
20. h4 {[%clk 00:53:41]} {[%emt 00:03:31]} Rg6 {[%clk 01:04:09]} {[%emt
00:01:37]} 21. Bh5 {[%clk 00:50:48]} {[%emt 00:03:23]} Rf6 {[%clk 01:01:45]}
{[%emt 00:02:54]} 22. Qg3 {[%clk 00:50:14]} {[%emt 00:01:03]} g6 {[%clk
00:57:40]} {[%emt 00:04:34]} 23. Rxf6 {[%clk 00:43:28]} {[%emt 00:07:17]} Bxf6
{[%clk 00:58:01]} {[%emt 00:00:09]} 24. Be2 {[%clk 00:41:35]} {[%emt 00:02:23]}
Rc8 {[%clk 00:56:46]} {[%emt 00:01:44]} 25. a3 {[%clk 00:35:05]} {[%emt
00:07:02]} Bxe4 {[%clk 00:56:57]} {[%emt 00:00:19]} 26. Qf2 {[%clk 00:28:11]}
{[%emt 00:07:24]} Ke7 {[%clk 00:55:51]} {[%emt 00:01:37]} 27. Bxb5 {[%clk
00:25:30]} {[%emt 00:03:11]} Bxc2+ {[%clk 00:55:54]} {[%emt 00:00:27]} 28. Qxc2
{[%clk 00:25:00]} {[%emt 00:01:00]} axb5 {[%clk 00:56:09]} {[%emt 00:00:14]}
29. Qf2 {[%clk 00:25:02]} {[%emt 00:00:28]} Qc4 {[%clk 00:55:24]} {[%emt
00:01:14]} 30. Nd4 {[%clk 00:19:52]} {[%emt 00:05:41]} Ng4 {[%clk 00:51:13]}
{[%emt 00:04:42]} 31. Qf4 {[%clk 00:16:22]} {[%emt 00:04:00]} Ne5 {[%clk
00:49:09]} {[%emt 00:02:32]} 32. Qd2 {[%clk 00:14:02]} {[%emt 00:02:52]} Bxh4
{[%clk 00:40:39]} {[%emt 00:09:00]} 33. Ndxb5 {[%clk 00:12:42]} {[%emt
00:01:49]} d5 {[%clk 00:39:34]} {[%emt 00:01:34]} 34. Qh2 {[%clk 00:12:20]}
{[%emt 00:00:52]} Bf6 {[%clk 00:39:11]} {[%emt 00:00:53]} 35. Qf2 {[%clk
00:09:35]} {[%emt 00:03:15]} Nd3 {[%clk 00:37:36]} {[%emt 00:02:04]} 36. Qa7+
{[%clk 00:09:27]} {[%emt 00:00:38]} Kf8 {[%clk 00:36:04]} {[%emt 00:02:03]} 37.
Nd6 {[%clk 00:07:46]} {[%emt 00:02:11]} Rc7 {[%clk 00:36:22]} {[%emt 00:00:11]}
38. Qb8+ {[%clk 00:07:37]} {[%emt 00:00:39]} Kg7 {[%clk 00:35:48]} {[%emt
00:01:05]} 39. Ne8+ {[%clk 00:08:01]} {[%emt 00:00:05]} Kh6 {[%clk 00:35:52]}
{[%emt 00:00:26]} 40. Nxc7 {[%clk 00:07:48]} {[%emt 00:00:43]} Be5 {[%clk
00:35:18]} {[%emt 00:01:02]} 41. Qf8+ {[%clk 00:07:19]} {[%emt 00:01:01]} Kg5
{[%clk 00:33:51]} {[%emt 00:01:57]} 42. Rg1+ {[%clk 00:05:16]} {[%emt
00:02:31]} Kh5 {[%clk 00:33:12]} {[%emt 00:01:12]} 43. Qxf7 {[%clk 00:04:56]}
{[%emt 00:00:50]} Qxc7 {[%clk 00:32:50]} {[%emt 00:00:51]} 44. Qxg6+ {[%clk
00:05:14]} {[%emt 00:00:12]} Kh4 {[%clk 00:33:14]} {[%emt 00:00:07]} 45. Qg4#
{[%clk 00:05:39]} {[%emt 00:00:05]} 1-0

[Event "DVM U12w 2024"]
[Site "Bad Homburg GER"]
[Date "2024.12.30"]
[Round "7"]
[White "Lange, Lene Marie"]
[Black "Sobczak, Zuzanna"]
[Result "1/2-1/2"]
[Termination "normal"]
[Board "2.2"]
[WhiteElo "1501"]
[BlackElo "1598"]
[WhiteClock "00:41:55"]
[BlackClock "01:13:38"]
[WhiteTeam "SK König Plauen"]
[BlackTeam "SF München"]
[PlyCount "54"]
[WhiteFideId "34639748"]
[BlackFideId "34670050"]
[EventCountry "GER"]
[EventRounds "7"]
[EventType "team-swiss"]
[EventDate "2024.12.26"]

1. d4 {[%clk 01:30:58]} {[%emt 00:00:02]} Nf6 {[%clk 01:30:55]} {[%emt
00:00:05]} 2. Bf4 {[%clk 01:31:20]} {[%emt 00:00:08]} d5 {[%clk 01:31:21]}
{[%emt 00:00:05]} 3. e3 {[%clk 01:31:39]} {[%emt 00:00:11]} c5 {[%clk
01:31:47]} {[%emt 00:00:05]} 4. c3 {[%clk 01:32:03]} {[%emt 00:00:06]} Nc6
{[%clk 01:32:13]} {[%emt 00:00:04]} 5. Nd2 {[%clk 01:32:18]} {[%emt 00:00:15]}
e6 {[%clk 01:31:08]} {[%emt 00:01:35]} 6. Ngf3 {[%clk 01:31:45]} {[%emt
00:01:03]} cxd4 {[%clk 01:31:18]} {[%emt 00:00:20]} 7. cxd4 {[%clk 01:31:54]}
{[%emt 00:00:20]} Nh5 {[%clk 01:30:51]} {[%emt 00:00:58]} 8. Bg3 {[%clk
01:30:58]} {[%emt 00:01:25]} Nxg3 {[%clk 01:31:05]} {[%emt 00:00:16]} 9. hxg3
{[%clk 01:31:19]} {[%emt 00:00:08]} h6 {[%clk 01:30:34]} {[%emt 00:01:03]} 10.
Bb5 {[%clk 01:30:15]} {[%emt 00:01:34]} Bd7 {[%clk 01:30:55]} {[%emt 00:00:08]}
11. O-O {[%clk 01:28:11]} {[%emt 00:02:34]} Bd6 {[%clk 01:30:11]} {[%emt
00:01:15]} 12. Rc1 {[%clk 01:24:58]} {[%emt 00:03:43]} Rc8 {[%clk 01:30:00]}
{[%emt 00:00:41]} 13. Qb3 {[%clk 01:24:19]} {[%emt 00:01:08]} O-O {[%clk
01:29:09]} {[%emt 00:01:21]} 14. Bxc6 {[%clk 01:21:58]} {[%emt 00:02:51]} Bxc6
{[%clk 01:29:32]} {[%emt 00:00:08]} 15. Rc3 {[%clk 01:19:39]} {[%emt 00:02:49]}
Qd7 {[%clk 01:26:15]} {[%emt 00:03:46]} 16. Ne5 {[%clk 01:12:02]} {[%emt
00:08:07]} Bxe5 {[%clk 01:25:38]} {[%emt 00:01:07]} 17. dxe5 {[%clk 01:11:31]}
{[%emt 00:01:01]} Ba4 {[%clk 01:25:12]} {[%emt 00:00:57]} 18. Qa3 {[%clk
01:09:46]} {[%emt 00:02:16]} Rxc3 {[%clk 01:25:32]} {[%emt 00:00:10]} 19. Qxc3
{[%clk 01:07:29]} {[%emt 00:02:46]} Rc8 {[%clk 01:25:50]} {[%emt 00:00:12]} 20.
Qd4 {[%clk 01:03:56]} {[%emt 00:04:04]} Rc2 {[%clk 01:17:56]} {[%emt 00:08:24]}
21. f4 {[%clk 00:59:12]} {[%emt 00:05:13]} Bb5 {[%clk 01:14:41]} {[%emt
00:03:46]} 22. Rf2 {[%clk 00:54:22]} {[%emt 00:05:19]} Qc7 {[%clk 01:14:43]}
{[%emt 00:00:23]} 23. Nb3 {[%clk 00:47:08]} {[%emt 00:07:49]} Rxf2 {[%clk
01:14:42]} {[%emt 00:00:30]} 24. Kxf2 {[%clk 00:45:55]} {[%emt 00:01:43]} Qc2+
{[%clk 01:14:42]} {[%emt 00:00:31]} 25. Qd2 {[%clk 00:46:06]} {[%emt 00:00:18]}
Qxd2+ {[%clk 01:14:05]} {[%emt 00:01:07]} 26. Nxd2 {[%clk 00:46:04]} {[%emt
00:00:32]} Kf8 {[%clk 01:14:10]} {[%emt 00:00:25]} 27. g4 {[%clk 00:41:55]}
{[%emt 00:04:41]} Ke7 {[%clk 01:13:38]} {[%emt 00:01:02]} 1/2-1/2

[Event "DVM U12w 2024"]
[Site "Bad Homburg GER"]
[Date "2024.12.30"]
[Round "7"]
[White "Raghavan, Madhushri"]
[Black "Winkler, Anni"]
[Result "0-1"]
[Termination "normal"]
[Board "2.3"]
[WhiteElo "1410"]
[BlackElo "1404"]
[WhiteClock "00:12:09"]
[BlackClock "00:37:37"]
[WhiteTeam "SF München"]
[BlackTeam "SK König Plauen"]
[PlyCount "138"]
[WhiteFideId "34688390"]
[BlackFideId "34622349"]
[EventCountry "GER"]
[EventRounds "7"]
[EventType "team-swiss"]
[EventDate "2024.12.26"]

1. d4 {[%clk 01:30:27]} {[%emt 00:00:32]} d5 {[%clk 01:29:11]} {[%emt
00:01:49]} 2. c4 {[%clk 01:30:40]} {[%emt 00:00:17]} e5 {[%clk 01:29:12]}
{[%emt 00:00:29]} 3. dxe5 {[%clk 01:29:24]} {[%emt 00:01:46]} d4 {[%clk
01:28:49]} {[%emt 00:00:53]} 4. e3 {[%clk 01:27:37]} {[%emt 00:02:09]} Nc6
{[%clk 01:23:25]} {[%emt 00:06:02]} 5. Nf3 {[%clk 01:22:40]} {[%emt 00:05:20]}
Bg4 {[%clk 01:23:24]} {[%emt 00:00:37]} 6. exd4 {[%clk 01:18:26]} {[%emt
00:04:45]} Bxf3 {[%clk 01:22:33]} {[%emt 00:01:20]} 7. Qxf3 {[%clk 01:16:16]}
{[%emt 00:02:40]} Qxd4 {[%clk 01:22:20]} {[%emt 00:00:43]} 8. Nc3 {[%clk
01:03:55]} {[%emt 00:12:45]} Qxe5+ {[%clk 01:20:39]} {[%emt 00:02:17]} 9. Qe2
{[%clk 01:00:17]} {[%emt 00:03:46]} Nf6 {[%clk 01:16:20]} {[%emt 00:05:11]} 10.
Bf4 {[%clk 00:59:03]} {[%emt 00:01:31]} Qxe2+ {[%clk 01:16:02]} {[%emt
00:01:00]} 11. Bxe2 {[%clk 00:59:11]} {[%emt 00:00:22]} Nd4 {[%clk 01:14:51]}
{[%emt 00:01:42]} 12. O-O {[%clk 00:56:17]} {[%emt 00:03:25]} Nxe2+ {[%clk
01:15:10]} {[%emt 00:00:11]} 13. Nxe2 {[%clk 00:56:31]} {[%emt 00:00:15]} c6
{[%clk 01:14:49]} {[%emt 00:00:52]} 14. Rfe1 {[%clk 00:55:49]} {[%emt
00:00:54]} Rd8 {[%clk 01:12:24]} {[%emt 00:03:12]} 15. Ng3+ {[%clk 00:54:11]}
{[%emt 00:02:00]} Kd7 {[%clk 01:07:37]} {[%emt 00:05:21]} 16. Rad1+ {[%clk
00:52:54]} {[%emt 00:01:47]} Kc8 {[%clk 01:07:58]} {[%emt 00:00:14]} 17. Rxd8+
{[%clk 00:52:54]} {[%emt 00:00:29]} Kxd8 {[%clk 01:08:17]} {[%emt 00:00:11]}
18. h3 {[%clk 00:52:02]} {[%emt 00:01:17]} Be7 {[%clk 01:07:28]} {[%emt
00:01:25]} 19. Bc7+ {[%clk 00:51:20]} {[%emt 00:01:09]} Kd7 {[%clk 01:06:53]}
{[%emt 00:01:05]} 20. Ba5 {[%clk 00:49:50]} {[%emt 00:01:54]} Re8 {[%clk
01:03:22]} {[%emt 00:04:01]} 21. Nf5 {[%clk 00:48:21]} {[%emt 00:01:51]} Bc5
{[%clk 00:57:08]} {[%emt 00:06:59]} 22. Nxg7 {[%clk 00:42:22]} {[%emt
00:06:30]} Rxe1+ {[%clk 00:56:51]} {[%emt 00:00:47]} 23. Bxe1 {[%clk 00:42:37]}
{[%emt 00:00:15]} Ne4 {[%clk 00:56:34]} {[%emt 00:00:48]} 24. Kf1 {[%clk
00:41:43]} {[%emt 00:01:20]} Bd4 {[%clk 00:56:23]} {[%emt 00:00:44]} 25. b3
{[%clk 00:41:30]} {[%emt 00:00:41]} Bxg7 {[%clk 00:56:38]} {[%emt 00:00:17]}
26. f3 {[%clk 00:40:49]} {[%emt 00:01:11]} Nd6 {[%clk 00:56:27]} {[%emt
00:00:41]} 27. Bf2 {[%clk 00:39:56]} {[%emt 00:01:23]} b6 {[%clk 00:54:40]}
{[%emt 00:02:17]} 28. Ke2 {[%clk 00:39:41]} {[%emt 00:00:45]} b5 {[%clk
00:48:10]} {[%emt 00:07:00]} 29. cxb5 {[%clk 00:37:35]} {[%emt 00:02:35]} Nxb5
{[%clk 00:48:14]} {[%emt 00:00:26]} 30. a4 {[%clk 00:36:20]} {[%emt 00:01:34]}
Nc3+ {[%clk 00:48:16]} {[%emt 00:00:39]} 31. Kd3 {[%clk 00:35:53]} {[%emt
00:00:41]} a6 {[%clk 00:47:12]} {[%emt 00:01:50]} 32. Kc4 {[%clk 00:33:28]}
{[%emt 00:02:15]} Kc7 {[%clk 00:41:07]} {[%emt 00:07:16]} 33. Bg3+ {[%clk
00:31:29]} {[%emt 00:02:24]} Kb6 {[%clk 00:40:17]} {[%emt 00:01:24]} 34. Bf2+
{[%clk 00:30:31]} {[%emt 00:01:18]} Kb7 {[%clk 00:39:56]} {[%emt 00:00:59]} 35.
Kb4 {[%clk 00:26:56]} {[%emt 00:03:29]} Nd1 {[%clk 00:39:10]} {[%emt 00:01:50]}
36. Be1 {[%clk 00:23:26]} {[%emt 00:03:05]} Bf8+ {[%clk 00:36:22]} {[%emt
00:04:18]} 37. Kc4 {[%clk 00:17:36]} {[%emt 00:06:18]} Ne3+ {[%clk 00:36:10]}
{[%emt 00:00:40]} 38. Kd3 {[%clk 00:16:59]} {[%emt 00:01:02]} Nxg2 {[%clk
00:36:26]} {[%emt 00:00:21]} 39. Bg3 {[%clk 00:16:44]} {[%emt 00:00:28]} Kb6
{[%clk 00:36:08]} {[%emt 00:00:56]} 40. Ke2 {[%clk 00:14:47]} {[%emt 00:02:32]}
Kc5 {[%emt 00:01:51]} 41. Kf2 {[%emt 00:01:53]} Bd6 {[%clk 00:32:43]} {[%emt
00:00:14]} 42. Bxd6+ {[%clk 00:14:37]} {[%emt 00:00:41]} Kxd6 {[%clk 00:33:06]}
{[%emt 00:00:08]} 43. Kxg2 {[%clk 00:14:51]} {[%emt 00:00:16]} Kc5 {[%clk
00:33:21]} {[%emt 00:00:15]} 44. Kf2 {[%clk 00:15:11]} {[%emt 00:00:10]} Kb4
{[%clk 00:33:36]} {[%emt 00:00:15]} 45. Ke2 {[%clk 00:15:33]} {[%emt 00:00:07]}
Kxb3 {[%clk 00:33:58]} {[%emt 00:00:09]} 46. Kd3 {[%clk 00:15:22]} {[%emt
00:00:20]} c5 {[%clk 00:34:13]} {[%emt 00:00:36]} 47. Kd2 {[%clk 00:13:46]}
{[%emt 00:02:07]} Kxa4 {[%clk 00:34:20]} {[%emt 00:00:23]} 48. Kc2 {[%clk
00:11:29]} {[%emt 00:02:46]} Kb4 {[%clk 00:34:30]} {[%emt 00:00:20]} 49. Kb2
{[%clk 00:11:18]} {[%emt 00:00:41]} a5 {[%clk 00:34:51]} {[%emt 00:00:11]} 50.
Kc2 {[%clk 00:10:54]} {[%emt 00:00:53]} a4 {[%clk 00:35:05]} {[%emt 00:00:17]}
51. Kb2 {[%clk 00:11:11]} {[%emt 00:00:13]} c4 {[%clk 00:35:16]} {[%emt
00:00:19]} 52. Ka2 {[%clk 00:11:15]} {[%emt 00:00:25]} c3 {[%clk 00:35:30]}
{[%emt 00:00:16]} 53. Kb1 {[%clk 00:11:29]} {[%emt 00:00:16]} Kb3 {[%clk
00:35:45]} {[%emt 00:00:15]} 54. Kc1 {[%clk 00:10:09]} {[%emt 00:01:49]} a3
{[%clk 00:36:03]} {[%emt 00:00:12]} 55. Kb1 {[%clk 00:09:57]} {[%emt 00:00:43]}
c2+ {[%clk 00:36:15]} {[%emt 00:00:17]} 56. Kc1 {[%clk 00:10:15]} {[%emt
00:00:13]} a2 {[%clk 00:36:34]} {[%emt 00:00:11]} 57. Kd2 {[%clk 00:10:23]}
{[%emt 00:00:21]} a1=Q {[%clk 00:36:54]} {[%emt 00:00:11]} 58. Kd3 {[%clk
00:10:36]} {[%emt 00:00:17]} c1=R {[%clk 00:37:06]} {[%emt 00:00:18]} 59. f4
{[%clk 00:10:55]} {[%emt 00:00:11]} Qc3 {[%clk 00:37:20]} {[%emt 00:00:14]} 60.
Ke4 {[%clk 00:11:14]} {[%emt 00:00:12]} Rd1 {[%clk 00:37:29]} {[%emt 00:00:21]}
61. Kf5 {[%clk 00:11:18]} {[%emt 00:00:26]} Rd5+ {[%clk 00:37:46]} {[%emt
00:00:14]} 62. Kg4 {[%clk 00:11:02]} {[%emt 00:00:46]} f5+ {[%clk 00:37:42]}
{[%emt 00:00:35]} 63. Kg5 {[%clk 00:11:23]} {[%emt 00:00:08]} Qc6 {[%clk
00:37:44]} {[%emt 00:00:24]} 64. Kh5 {[%clk 00:11:21]} {[%emt 00:00:35]} Rd4
{[%clk 00:37:43]} {[%emt 00:00:30]} 65. Kh4 {[%clk 00:11:33]} {[%emt 00:00:20]}
Rxf4+ {[%clk 00:37:56]} {[%emt 00:00:17]} 66. Kg5 {[%clk 00:11:43]} {[%emt
00:00:19]} Rf1 {[%clk 00:37:39]} {[%emt 00:00:41]} 67. Kh4 {[%clk 00:11:37]}
{[%emt 00:00:44]} Rg1 {[%clk 00:37:44]} {[%emt 00:00:26]} 68. Kh5 {[%clk
00:11:47]} {[%emt 00:00:19]} Qg6+ {[%clk 00:37:56]} {[%emt 00:00:08]} 69. Kh4
{[%clk 00:12:09]} {[%emt 00:00:18]} Qh6+ {[%clk 00:37:37]} {[%emt 00:00:17]}
0-1

[Event "DVM U12w 2024"]
[Site "Bad Homburg GER"]
[Date "2024.12.30"]
[Round "7"]
[White "Naz Öksüz, Meryem"]
[Black "Markl, Paula"]
[Result "1-0"]
[Termination "normal"]
[Board "2.4"]
[WhiteElo "1296"]
[BlackElo "759"]
[WhiteClock "01:09:52"]
[BlackClock "01:26:17"]
[WhiteTeam "SK König Plauen"]
[BlackTeam "SF München"]
[PlyCount "57"]
[WhiteFideId "533025860"]
[BlackFideId "533025916"]
[EventCountry "GER"]
[EventRounds "7"]
[EventType "team-swiss"]
[EventDate "2024.12.26"]

1. d4 {[%clk 01:30:17]} {[%emt 00:00:42]} d5 {[%clk 01:30:49]} {[%emt
00:00:11]} 2. c4 {[%clk 01:29:35]} {[%emt 00:01:13]} c6 {[%clk 01:30:40]}
{[%emt 00:00:39]} 3. Nc3 {[%clk 01:29:33]} {[%emt 00:00:32]} Nf6 {[%clk
01:30:48]} {[%emt 00:00:21]} 4. Bg5 {[%clk 01:26:37]} {[%emt 00:03:26]} g6
{[%clk 01:30:45]} {[%emt 00:00:32]} 5. Bxf6 {[%clk 01:26:01]} {[%emt 00:01:06]}
exf6 {[%clk 01:31:00]} {[%emt 00:00:13]} 6. e3 {[%clk 01:26:04]} {[%emt
00:00:29]} Bg7 {[%clk 01:31:13]} {[%emt 00:00:17]} 7. Bd3 {[%clk 01:25:25]}
{[%emt 00:01:09]} O-O {[%clk 01:31:20]} {[%emt 00:00:23]} 8. Nge2 {[%clk
01:25:15]} {[%emt 00:00:41]} Be6 {[%clk 01:30:54]} {[%emt 00:00:57]} 9. b3
{[%clk 01:24:51]} {[%emt 00:00:54]} Nd7 {[%clk 01:30:54]} {[%emt 00:00:30]} 10.
O-O {[%clk 01:22:37]} {[%emt 00:02:43]} a6 {[%clk 01:31:14]} {[%emt 00:00:10]}
11. Nf4 {[%clk 01:22:22]} {[%emt 00:00:45]} f5 {[%clk 01:31:03]} {[%emt
00:00:41]} 12. cxd5 {[%clk 01:21:53]} {[%emt 00:01:00]} cxd5 {[%clk 01:30:29]}
{[%emt 00:01:04]} 13. Nfxd5 {[%clk 01:21:15]} {[%emt 00:01:09]} Nb6 {[%clk
01:30:07]} {[%emt 00:00:52]} 14. Nxb6 {[%clk 01:18:36]} {[%emt 00:03:09]} Qxb6
{[%clk 01:30:20]} {[%emt 00:00:17]} 15. Na4 {[%clk 01:17:32]} {[%emt 00:01:34]}
Qc6 {[%clk 01:30:22]} {[%emt 00:00:27]} 16. Rc1 {[%clk 01:12:31]} {[%emt
00:05:31]} Qd7 {[%clk 01:29:38]} {[%emt 00:01:15]} 17. Nc5 {[%clk 01:11:53]}
{[%emt 00:01:07]} Qd5 {[%clk 01:29:27]} {[%emt 00:00:41]} 18. Bc4 {[%clk
01:11:36]} {[%emt 00:00:48]} Qc6 {[%clk 01:28:58]} {[%emt 00:01:00]} 19. Nxe6
{[%clk 01:11:14]} {[%emt 00:00:51]} fxe6 {[%clk 01:29:13]} {[%emt 00:00:14]}
20. d5 {[%clk 01:11:17]} {[%emt 00:00:29]} exd5 {[%clk 01:28:42]} {[%emt
00:01:00]} 21. Bxd5+ {[%clk 01:11:36]} {[%emt 00:00:11]} Qxd5 {[%clk 01:27:23]}
{[%emt 00:01:49]} 22. Qxd5+ {[%clk 01:11:45]} {[%emt 00:00:20]} Kh8 {[%clk
01:27:38]} {[%emt 00:00:17]} 23. Qxb7 {[%clk 01:11:16]} {[%emt 00:01:00]} Rae8
{[%clk 01:26:45]} {[%emt 00:01:22]} 24. Rc7 {[%clk 01:10:25]} {[%emt 00:01:20]}
Rg8 {[%clk 01:26:43]} {[%emt 00:00:33]} 25. g3 {[%clk 01:10:20]} {[%emt
00:00:36]} a5 {[%clk 01:26:49]} {[%emt 00:00:24]} 26. b4 {[%clk 01:10:25]}
{[%emt 00:00:25]} axb4 {[%clk 01:26:50]} {[%emt 00:00:29]} 27. Qxb4 {[%clk
01:10:30]} {[%emt 00:00:22]} Bf8 {[%clk 01:27:09]} {[%emt 00:00:13]} 28. Qb7
{[%clk 01:10:06]} {[%emt 00:00:53]} Bd6 {[%clk 01:26:17]} {[%emt 00:01:23]} 29.
Rxh7# {[%clk 01:09:52]} {[%emt 00:00:14]} 1-0